000 00875nam a22002411u 4500
001 06947
003 HDC
007 cr bn ---
008 210125p2007 o d 00 engg
040 _aHDC
245 0 _aCertified Non-GM and variety identified rice: A key selling point of Thai rice into the regulated global markets / by
_cJochen P. Zoller
260 _a[No Place] :
_b[publisher not identified],
_c2007
300 _a21 pages :
_billustrations
336 _atext
_2rdacontent
337 _acomputer
_2rdamedia
338 _aonline resource
_2rdacarrier
650 _aglobal market
_94946
650 _aThai rice
_97394
856 _zRequest full-text at [email protected]
942 _2lcc
942 _cSLIDE
942 _kSLID 000205
999 _c4271
_d4271